| 000 | 01024nam a2200265 a 4500 | ||
|---|---|---|---|
| 008 | 260505s2026 sp 000 0 spa d | ||
| 041 | _aspa | ||
| 245 | 0 | 0 | _aCCOO advierte de que habrá movilizaciones si la patronal no desbloquea la negociación colectiva |
| 260 |
_aToledo : _bCCOO de Castilla-La Mancha, _c2026 |
||
| 300 |
_a1 p. ; _c 30 cm |
||
| 500 | _aEn: Gaceta Sindical Digital : Castilla-La Mancha, n. 616 (abril 2026), p. 5 | ||
| 650 | 0 |
_aACTITUD SINDICAL _961 |
|
| 650 | 0 |
_aCOMUNIDADES AUTONOMAS _9344 |
|
| 650 | 0 |
_aCASTILLA-LA MANCHA _93732 |
|
| 650 | 0 |
_aNEGOCIACION COLECTIVA _974 |
|
| 650 | 0 |
_aCONVENIO COLECTIVO _9297 |
|
| 650 | 0 |
_aACTITUD DE LA DIRECCION _9173 |
|
| 650 | 0 |
_aCONFLICTO SOCIAL _9368 |
|
| 650 | 0 |
_aCONFLICTO DE INTERESES _91334 |
|
| 650 | 0 |
_aDERECHOS DE LOS TRABAJADORES _94 |
|
| 710 | 2 |
_aCCOO _bCastilla-La Mancha _eed. _924880 |
|
| 856 |
_zPDF _uhttps://docpublicos.ccoo.es/cendoc/073633CCOOAdvierteMovilizaciones.pdf |
||
| 907 | _aNegociación colectiva | ||
| 942 |
_cDOCU_ELEC _2ddc _n0 |
||
| 999 |
_c64742 _d64742 |
||